000 00987nam a22003137a 4500
003 CHAP
005 20220329140731.0
008 971013s1976 r 00010 d
010 _a56742
011 _a57714
035 _a61869
040 _cCHAP
082 _a628.1
_bZ8 1976
100 0 0 _aZurita Ruiz, José.
_9124303
245 _aObras hidráulicas
250 _a2 ed.
260 _aBarcelona :
_bEd. CEAC,
_c1976
300 _a259 p.
_b: ilus.
490 _aMonografías sobre construcción y arquitectura
_v; 20
590 _aBATCH-UPD
_b10
_c20130110
_lUCH01
_h0827
590 _aBATCH-UPD
_b10
_c20130410
_lUCH01
_h0505
590 _aBATCH-UPD
_b10
_c20130914
_lUCH01
_h1640
590 _aCONVERSION
_b10
_c20130109
_lUCH01
_h1330
650 1 4 _aIngeniería hidráulica.
_958235
830 0 _aMonografías sobre construcción y arquitectura
_v; 20
_977589
901 _aBK
942 _cLIBRO
949 _a628.1 Z8 1976
_bBC
_cLIBRO
_d33724000420287
_eLIBRO
_h45509
_i61869
_si
_t96.00
999 _c56742
_d56742